000 01042nam a2200277 a 4500
001 000015830
005 20250924073801.0
008 100219s1976 dr 000 0 spa d
040 _aDO-SdBNP
_bspa
_cBNPHU
082 _a305.5633
_bD542e
100 1 _aDíaz Polanco, Héctor,
_d1944-
_92421
245 1 0 _aEconomía y movimientos campesinos /
_cHéctor Díaz Polanco.
260 _aSanto Domingo :
_bUASD,
_c1976.
300 _a151 p. ;
_c23 cm.
490 1 _aPublicaciones de la Universidad Autónoma de Santo Domingo ;
_v210
490 1 _aHistoria y sociedad ;
_v26
500 _aIncluye notas al final de los capítulos
590 _aInventariado, 2018/BT
650 0 _aCampesinos
_935637
650 4 _aMéxico
_xCondiciones rurales
_935638
650 4 _aTrabajadores agricolas
_zMéxico
_935639
710 1 _aUniversidad Autónoma de Santo Domingo
_972951
830 _aPublicaciones de la Universidad Autónoma de Santo Domingo
_v210
_952
830 0 _aHistoria y sociedad ;
_n26
_935640
910 _aValidado. Control de calidad. MFF
999 _c15374
_d15374